00815nam a2200181 a 450000100100000000500170001000800410002704000250006808200160009310000440010924500980015326000470025130000200029850000640031895201140038295201200049699900170061600002685320200930030441.0110325s2001 dr r 000 | spa d aDO-SdBNPbspacBNPHU axxxxbS593e1 aSimó Torres, Dennis R.,d1943-93163114aLos estados finacieros :bpara personas sin conocimiento de contabilidad /cDennis R. Simó. aSanto Domingo :b[s.n.],c2001.f(CENAPEC) a97 p. ;c27 cm. aIncluye datos biográficos del autor en la contracubierta. 0010718PDaPDbPDcHDd2011-03-25iLF1l0oxxxx S593ep26853-10r2020-06-25w2020-06-25yLFPDZNo se presta 0010718PDaPDbPDcHDd2018-05-04iLF1l0oxxxx S593ep26853-20r2020-06-25te. 2w2020-06-25yLFPDZNo se presta c26345d26345